| 000 | 00372 a2200157 4500 | ||
|---|---|---|---|
| 001 | 15857 | ||
| 020 | _a9788532279194 | ||
| 040 | _cAnchieta - Bela Vista | ||
| 100 | _aBallard, Elizabth Silance | ||
| 240 | 1 | 0 |
_aAs três cartas de Marco _lpor |
| 245 | 1 | 0 | _aAs três cartas de Marco |
| 300 | _a39 | ||
| 362 | 0 | _a2011 | |
| 650 | 4 | _aLiteratura infanto-juvenil | |
| 942 | _cBK | ||
| 999 |
_c15857 _d15857 |
||